Statistiques concernant Inazuma Eleven - Toutes les supertechniques Onze Terrestre

Cliquez ici pour prendre le quiz!

Statistiques générales

  • Ce quiz a été pris 93 fois
  • Le résultat moyen est 18 sur 31

Statistiques - réponses

Joueur(s)Réponse% Correct
JPArrêt surprise
76%
RiccardoClé de sol
76%
ArionDribble en Z
76%
ZippyEquation défensive
73%
VictorTir surnaturel
73%
ZacJe suis le tout-puissant
71%
RiccardoTir fortissimo
71%
ArionTacle fantôme
70%
TerryParade fatale
68%
TrinaBoule de feuilles
64%
ArionAttaque ventriculaire
62%
FalcoFrappe parkour
61%
ArionOuragan cyclonique
61%
RiccardoPassage presto
61%
SupertactiqueTacticien céleste volcanique
61%
ArionTir en rafales
59%
VictorTir foudroyant
59%
ArionVent déchaîné
59%
BuddyCatapulte frontale
58%
KeenanAttention ! Un OVNI
56%
KeenanCopier-coller
56%
TerryParade fatale du dragon
56%
ArionPercée d'Eole
55%
FrankParade du boxeur
52%
FrankEsquives du boxeur
50%
TerryGriffe puissante
48%
Victor/FalcoAube obscure
47%
JPParade de la fusée
47%
CeriseCerceau piégeant
45%
Arion/Victor/RiccardoLa terre : l'infini
45%
Victor/ArionDouble fulgurante tornade de feu
6%

Distribution des résultats

Percentile par nombre de réponses

% des personnes avec chaque résultat

Votre développement - résultats

Vous n’avez pas pris ce quiz